1030 1101 1448 1003 1591 1860 1237 1648 1525 1871 1781 1202 1872 1347 1841 1130 1113 1464 1077 1875 1374 1660 1450 1965 1212 1484 1199 1798 1588 1343 1689 1299 1705 1364 1230 1451 1973 1215 1419 1398 1015 1624 1568 1286 1567 1584 1101 1057 1647 1589 1660 1482 1151 1055 1878 1202 1336 1107 1248 1059 1022 1070 1528 1931 1550 1052 1559 1844 1231 1281 1353 1002 1309 1593 1503 1373 1296 1650 1572 1999 1098 1333 1585 1368 1075 1926 1132 1118 1037 1999 1363 1065 1816 1483 1295 1510 1532 1051 1019 BCNSPRNW ULIB Ver.6.0+V

เปลี่ยนเป็นภาษาไทย

Change to English
 แสดงรายละเอียดบรรณานุกรม
  กลับหน้าหลัก

Brief Record : Get Marc (ISO 2709) : E-mail record : QR code < ปิดหน้าต่าง
LEADER : 00000nam 2200000uu 4500
001    13399128862
003     ULIB
008    241021s2565||||th 000 0 tha d
020    ^a9789749747759
050    ^aนว^bท471ท
100    ^aทิพย์ นาถสุภา
245    ^aทิพยนิมิต/^cทิพย์ นาถสุภา
260    ^aกรุงเทพฯ :^bชนนิยม,^c2565
300    ^a143 หน้า;^b21 ซม.
650    ^aวรรณคดีสันสกฤต
945    ^p350^l0^i011121
999    ^aประนอม เกษจรัล
รายการนี้ยังไม่มีแท็ก
คุณยังไม่ได้ล็อกอิน คุณสามารถมีกิจกรรมร่วมกับเว็บไซต์ได้ แต่ต้องล็อกอินก่อน ::
  ล็อกอิน

รายการสื่อสารสนเทศ

ลำดับที่ ประเภท เลขเรียก/บาร์โค้ด สถานที่ สถานะ
1. นวนิยาย
นวนิยาย
นว ท471ท ฉ.1 
  Barcode: 011121
ห้องสมุดวิทยาเขตสวรรค์ประชารักษ์
►นวนิยาย
บนชั้น
  ขอยืม

รายการใกล้เคียง
    ผู้แต่ง [ทิพย์ นาถสุภา]

    หัวเรื่อง [วรรณคดีสันสกฤต]

BibComment


ยังไม่เคยถูกคอมเมนท์

คอมเมนท์ทรัพยากรรายการนี้
  คอมเมนท์: ทิพยนิมิต ทิพย์ ..


 Copyright 2026. Bcnsprnw @Library